Keim family papers, (Record no. 43135)

MARC details
000 -LEADER
fixed length control field 01525cpcaa2200337 4500
001 - CONTROL NUMBER
control field mm 81028340
003 - CONTROL NUMBER IDENTIFIER
control field DLC
005 - DATE AND TIME OF LATEST TRANSACTION
control field 20260227111708.0
008 - FIXED-LENGTH DATA ELEMENTS--GENERAL INFORMATION
fixed length control field 810401|||||||||||| eng
010 ## - LIBRARY OF CONGRESS CONTROL NUMBER
LC control number mm 81028340
040 ## - CATALOGING SOURCE
Original cataloging agency DLC
Transcribing agency DLC
Description conventions dacs
Modifying agency DLC
072 #7 - SUBJECT CATEGORY CODE
Subject category code W
Source lcmd
245 00 - TITLE STATEMENT
Title Keim family papers,
Inclusive dates 1861-1874.
300 ## - PHYSICAL DESCRIPTION
Extent 200
Type of unit items.
300 ## - PHYSICAL DESCRIPTION
Extent 1
Type of unit container.
506 0# - RESTRICTIONS ON ACCESS NOTE
Terms governing access Open to research.
545 0# - BIOGRAPHICAL OR HISTORICAL DATA
Biographical or historical data Members of the Keim (Kimes) family.
520 8# - SUMMARY, ETC.
Summary, etc. Letterbook (1861) of General William High Keim, Commandant of the 2nd Division, Pennsylvania Volunteers, two scrapbooks (1862-1874) of De Benneville R. Keim, as reporter for the New York Herald, containing newspaper clippings of his dispatches from Civil War battlefields, and other papers.
546 ## - LANGUAGE NOTE
Language note Collection material in English.
600 10 - SUBJECT ADDED ENTRY--PERSONAL NAME
Personal name Keim, De B. Randolph
Fuller form of name (De Benneville Randolph),
Dates associated with a name 1841-1914.
600 10 - SUBJECT ADDED ENTRY--PERSONAL NAME
Personal name Keim, William High,
Dates associated with a name 1813-1862
Form subdivision Correspondence.
600 30 - SUBJECT ADDED ENTRY--PERSONAL NAME
Personal name Kimes family.
610 10 - SUBJECT ADDED ENTRY--CORPORATE NAME
Corporate name or jurisdiction name as entry element United States.
Subordinate unit Army.
-- Pennsylvania Infantry Regiment, 2nd (1861)
630 00 - SUBJECT ADDED ENTRY--UNIFORM TITLE
Uniform title New York herald.
650 #0 - SUBJECT ADDED ENTRY--TOPICAL TERM
Topical term or geographic name entry element American newspapers
Geographic subdivision New York (State)
-- New York.
651 #0 - SUBJECT ADDED ENTRY--GEOGRAPHIC NAME
Geographic name United States
General subdivision History
Chronological subdivision Civil War, 1861-1865.
651 #0 - SUBJECT ADDED ENTRY--GEOGRAPHIC NAME
Geographic name United States
General subdivision History
Chronological subdivision Civil War, 1861-1865
General subdivision Journalists.

No items available.

Powered by Koha